000 00691nam a2200241Ia 4500
003 OSt
005 20230622151246.0
008 210423s2015 xx 000 0 und d
020 _a0-19-806217-6
040 _cAL
041 _aeng
082 _a325.341
_223
_bNANI
100 _aNANDY (Ashis)
_9111922
245 _aIntimate enemy: loss and recovery of self under colonialism Ed 2
250 _a2
260 _aND
_bOxford University Press
_c2015
300 _axx,132
_bPB
365 _b265
_cINR
650 _aInternational Migration
_9111923
650 _aPolitical Science
_9111924
906 _acolonialism ; enemy ; Intimate ; Loss ; recovery ; self ; under
942 _2ddc
_cBK
999 _c167157
_d167157